|
|
|
|
| LEADER |
00000nam0a2200000 4500 |
| 001 |
366898 |
| 005 |
20231102011928.0 |
| 035 |
|
|
|a (RuTPU)RU\TPU\retro\24261
|
| 090 |
|
|
|a 366898
|
| 100 |
|
|
|a 20220222d1979 km y0rusy50 ca
|
| 101 |
0 |
|
|a rus
|
| 102 |
|
|
|a RU
|
| 105 |
|
|
|a y z 100zy
|
| 200 |
1 |
|
|a Коррозия и защита металлов, X Пермская конференция , 21-24 мая
|e тезисы докладов
|f Пермский государственный университет ; Академия наук СССР, Институт физической химии ; отв. ред. В. Кузнецов
|
| 210 |
|
|
|a Пермь
|c [Б. и.]
|d 1979
|
| 215 |
|
|
|a 224 с.
|c ил.
|
| 606 |
1 |
|
|a Коррозия металлов
|x Прогнозирование
|2 stltpush
|3 (RuTPU)RU\TPU\subj\15741
|9 41952
|
| 606 |
1 |
|
|a Металлы
|x Защита от коррозии
|2 stltpush
|3 (RuTPU)RU\TPU\subj\43054
|9 62641
|
| 610 |
1 |
|
|a конференции
|
| 610 |
1 |
|
|a пермь
|
| 610 |
1 |
|
|a доклады
|
| 610 |
1 |
|
|a тезисы
|
| 610 |
1 |
|
|a коррозионная стойкость
|
| 610 |
1 |
|
|a наводороживание
|
| 610 |
1 |
|
|a атмосферная коррозия
|
| 610 |
1 |
|
|a электрохимические процессы
|
| 610 |
1 |
|
|a электроосаждение
|
| 610 |
1 |
|
|a электролиты
|
| 610 |
1 |
|
|a коррозионные испытания
|
| 610 |
1 |
|
|a водород
|
| 610 |
1 |
|
|a выделение
|
| 610 |
1 |
|
|a ингибиторы
|
| 610 |
1 |
|
|a антикоррозионные работы
|
| 675 |
|
|
|a 669:620.193(063)
|v 4
|
| 675 |
|
|
|a 669:620.197(063)
|v 4
|
| 702 |
|
1 |
|a Кузнецов
|b В.
|4 340
|
| 712 |
0 |
2 |
|a Пермский государственный университет
|2 stltpush
|3 (RuTPU)RU\TPU\col\189
|9 23260
|
| 712 |
0 |
2 |
|a Академия наук СССР
|b Институт физической химии
|c (Москва)
|c (1945-1991)
|2 stltpush
|3 (RuTPU)RU\TPU\col\11504
|9 25138
|
| 712 |
1 |
2 |
|a Коррозия и защита металлов
|c конференции
|d 10
|e Пермь
|f 1979
|4 570
|
| 801 |
|
1 |
|a RU
|b 63413507
|c 20220222
|
| 801 |
|
2 |
|a RU
|b 63413507
|c 20220222
|g RCR
|
| 942 |
|
|
|c BK
|